Sovětská historie. Roč.V, č.1-6, 1955
| Format: | Book |
|---|---|
| Language: | Undetermined |
| Published: |
Praha
ČSAV
1955
|
MARC
| LEADER | 00000nam a2200000 a 4500 | ||
|---|---|---|---|
| 001 | vtls001434492 | ||
| 003 | SK-MaSNL | ||
| 005 | 20260223221930.0 | ||
| 008 | 020521s1955 xx 0 und | ||
| 035 | |a SNK000389569 | ||
| 040 | |a SNK |b slo |c SNK |e AACR2 | ||
| 245 | 1 | |a Sovětská historie. Roč.V, č.1-6, 1955 | |
| 260 | |a Praha |b ČSAV |c 1955 | ||
| 999 | |c 727912 |d 729842 | ||
| 952 | |t P60, <06>, [BOOK], {606} |a SNK |b SNK |y PREZ |7 0 |p 17A0341046 |o snkČC 622/5/1955 |0 0 |1 1 |4 0 |d 2002-05-21 |l 0 |r 2005-01-02 00:00:00 |w 2026-02-23 | ||


